Szczegóły MARC21

Turystyka i podróżowanie w aksjologicznej perspektywie : praca zbiorowa /

003 -Nazwa inst., której nr kontr. jest w polu 001 [,]
    • @
    • Nazwa instytucji, której n kontrolny jest w polu 001
    • NUKAT
005 -DATA I CZAS OSTATNIEJ MODYFIKACJI [,]
    • @
    • pole kontrolne
    • 20241231100158.0
020 -Międzynarod. znormalizowany nr książki - ISBN [ , ]
    • a
    • Numer ISBN
    • 9788388923807 Find
040 -Instytucja sporządzająca opis [ , ]
    • a
    • Instytucja, która sporządziła opis (NP)
    • BYDG 24/ap
    • c
    • Instytucja, która sporządziła rekord (NP)
    • BYDG 24/ap
    • d
    • Instytucja, która zmodyfikowała rekord (P)
    • BYDG 24/MM
    • d
    • Instytucja, która zmodyfikowała rekord (P)
    • BYDG 24/ADs
    • d
    • Instytucja, która zmodyfikowała rekord (P)
    • BYDG 24/MM
041 -Język dokumentu [0, ]
    • a
    • Język tekstu (P)
    • polski
    • b
    • Język streszczeń lub abstraktu (P)
    • polski
    • b
    • Język streszczeń lub abstraktu (P)
    • angielski
942 -Rodzaj dokumentu [ , ]
    • c
    • Rodzaj dokumentu
    • Książka
245 -Strefa tytułu i oznaczenia odpowiedzialności [0,0]
    • a
    • Tytuł
    • Turystyka i podróżowanie w aksjologicznej perspektywie : Find
    • b
    • Ciąg dalszy tytułu (NP)
    • praca zbiorowa / Find
    • c
    • Pozostałe elementy strefy tytułu i oznaczenia odpowiedzialności (NP)
    • pod red. Marka Kazimierczaka ; Akademia Wychowania Fizycznego im. Eugeniusza Piaseckiego w Poznaniu.
260 -Strefa adresu wydawniczego [ , ]
    • a
    • Miejsce wydania (P)
    • Poznań :
    • b
    • Nazwa wydawcy (P)
    • Akademia Wychowania Fizycznego im. Eugeniusza Piaseckiego,
    • c
    • Data wydania (P)
    • 2007.
300 -Strefa opisu fizycznego [ , ]
    • a
    • Określenie formy książki i/lub objętość (NP)
    • 270 s. :
    • b
    • Oznaczenie ilustracji (NP)
    • il. ;
    • c
    • Format (NP)
    • 24 cm.
336 -Typ zawartości [ , ]
    • a
    • Termin opisujący typ zawartości
    • Tekst
    • b
    • Kod określający zawartość
    • txt
    • 2
    • Źródło (terminu i kodu)
    • rdacontent
337 -Typ mediów [ , ]
    • a
    • Tryb odtwarzania
    • Bez urządzenia pośredniczącego
    • b
    • Kod typu mediów
    • n
    • 2
    • Źródło (terminu i kodu)
    • rdamedia
338 -Typ/rodzaj nośnika [ , ]
    • a
    • Hasło opisujące typ nośnika
    • Wolumin
    • b
    • Kod typu nośnika
    • nc
    • 2
    • Źródło (terminu i kodu)
    • rdacarrier
490 -Strefa serii i książki wielotomowej - forma nie do wyszukiwania [1, ]
    • a
    • Tytuł (P)
    • Monografie / Akademia Wychowania Fizycznego im. Eugeniusza Piaseckiego w Poznaniu, Find
    • x
    • ISSN (NP)
    • 0239-7161 ;
    • v
    • Numeracja (P)
    • nr 379
830 -Hasło dodatkowe serii i opisu książki wielotomowej - tytuł ujednolicony/tytuł [ ,0]
    • a
    • Tytuł ujednolicony/tytuł (NP)
    • Monografie - Akademia Wychowania Fizycznego im. Eugeniusza Piaseckiego w Poznaniu
    • x
    • ISSN
    • 0239-7161
    • v
    • Oznaczenie tomu (NP)
    • nr 379
    • 9
    • KHW
    • 10845
504 -Uwaga dot. bibliogr. załącznikowej [ , ]
    • a
    • Uwaga dot. bibliografii załącznikowej
    • Bibliogr. przy rozdz.
546 -Uwaga dot. języka [ , ]
    • a
    • Uwaga dot. języka
    • Streszcz. ang., pol.
080 -Uniwersalna Klasyfikacja Dziesiętna [ , ]
    • 2
    • Identyfikator wydania tablic
    • UDC-P058
    • 9
    • UKD
    • 3273
    • a
    • Symbol klasyfikacji
    • 338.482
    • b
    • Dopowiedzenie
    • Specjalne aspekty turystyki. Badania turystyki. Metodologia.
080 -Uniwersalna Klasyfikacja Dziesiętna [ , ]
    • 2
    • Identyfikator wydania tablic
    • UDC-P058
    • 9
    • UKD
    • 3273
    • a
    • Symbol klasyfikacji
    • 338.482
    • b
    • Dopowiedzenie
    • Specjalne aspekty turystyki. Badania turystyki. Metodologia.
    • 4
    • UKD2
    • 7665
    • x
    • Poddział wspólny
    • (075.8)
    • c
    • Dopowiedzenie poddz. wspólnego
    • (Podręczniki dla szkół wyższych. Skrypty).
080 -Uniwersalna Klasyfikacja Dziesiętna [ , ]
    • 2
    • Identyfikator wydania tablic
    • UDC-P058
    • 9
    • UKD
    • 2470
    • a
    • Symbol klasyfikacji
    • 17
    • b
    • Dopowiedzenie
    • Etyka. Moralność. Filozofia praktyczna. Rola i metoda etyki. Istota moralności. Fakty moralne. Ocena moralna. Wartości i dobra moralne. Prawa moralne. Zasady moralne. Stanowiska i kierunki w etyce.
    • 4
    • UKD2
    • 7665
    • x
    • Poddział wspólny
    • (075.8)
    • c
    • Dopowiedzenie poddz. wspólnego
    • (Podręczniki dla szkół wyższych. Skrypty).
650 -Hasło przedmiotowe [ ,7]
    • a
    • Hasło przedmiotowe
    • Turystyka
    • x
    • Określnik rzeczowy
    • filozofia.
    • 2
    • Źródło terminu
    • kaba
    • 9
    • KHW
    • 366733
650 -Hasło przedmiotowe [ ,7]
    • a
    • Hasło przedmiotowe
    • Turystyka kulturowa.
    • 2
    • Źródło terminu
    • kaba
    • 9
    • KHW
    • 144128
650 -Hasło przedmiotowe [ ,7]
    • a
    • Hasło przedmiotowe
    • Turystyka
    • x
    • Określnik rzeczowy
    • aspekt antropologiczny.
    • 2
    • Źródło terminu
    • kaba
    • 9
    • KHW
    • 356174
980 -Symbol UKD [ , ]
    • a
    • UKD
    • 338.482:17](075.8)
700 -Hasło dodatkowe - nazwa osobowa [1, ]
    • a
    • Nazwa osobowa (NP)
    • Kazimierczak, Marek. Find
    • e
    • Określenie rodzaju współpracy
    • Red.
    • 9
    • KHW
    • 10843
920 -ISBN [ , ]
    • a
    • ISBN
    • 978-83-88923-80-7 Find
Data inwentaryzacji Lokalizacja Numer inwentarzowy Status udost.
2008-03-04BGZ.1103311
2010-12-17TT.11185-2